MARC details
| 000 -LEADER |
| fixed length control field |
01103nam a2200145Ia 4500 |
| 008 - FIXED-LENGTH DATA ELEMENTS--GENERAL INFORMATION |
| fixed length control field |
231221s9999 xx 000 0 und d |
| 041 ## - LANGUAGE CODE |
| Language code of text/sound track or separate title |
English |
| 245 #0 - TITLE STATEMENT |
| Title |
Digit (1999 - |
| 260 ## - PUBLICATION, DISTRIBUTION, ETC. |
| Date of publication, distribution, etc. |
Nov, 2001 |
| 440 ## - SERIES STATEMENT/ADDED ENTRY--TITLE |
| Title |
I |
| 500 ## - GENERAL NOTE |
| General note |
Title changed into CHIP |
| 510 ## - CITATION/REFERENCES NOTE |
| Name of source |
Connect, Bookmarks:Online dictrionaries Sitemap: Indolink.com Newletters: Downloads Indiasites,ISP Watch, Arena Section, Allgn it Magic & Mayhem: The Art of Music Max Payne, South Park Mario Bros, Trickstyle Xonix32 Surge: Mp3 music double star guilt mental sky trailers, Hardball princes diary wet hot summer, Gallery Screensavers Wallpapers, themes skins Droolmaal, Sensory science rave: Mp 2300Richo RDC-7 Digital camera Archos Technology MiniCDRW IBM blueeyes emotion Mouse 11 Sipix Pocket Printer A6 Trium Mondo Pocket PC Benwin EX-4 Tit- anium |
| 650 ## - SUBJECT ADDED ENTRY--TOPICAL TERM |
| Topical term or geographic name entry element |
Connect, Bookmarks:Online dictrionaries Sitemap: Indolink.com Newletters: Downloads Indiasites,ISP Watch, Arena Section, Allgn it Magic & Mayhem: The Art of Music Max Payne, South Park Mario Bros, Trickstyle Xonix32 Surge: Mp3 music double star guilt |
| 942 ## - ADDED ENTRY ELEMENTS (KOHA) |
| Koha item type |
Compact Disks |